| 000 | 00461nam a2200145Ia 4500 | ||
|---|---|---|---|
| 008 | 230917s9999||||xx |||||||||||||| ||und|| | ||
| 040 |
_e175893 _aMAIN |
||
| 041 | _aEnglish | ||
| 082 | _a891.491503741 DR536BT | ||
| 100 | _aधनखड़, राजबीर सिंह | ||
| 245 | 0 | _aभूल का थप्पड़ | |
| 260 |
_aनई दिल्ली _bलक्ष्मी प्रकाशन _c2008 |
||
| 300 | _a143 पृ. p. | ||
| 942 | _cHN | ||
| 999 |
_c147958 _d147958 |
||